На білому коні (Запис № 17520)
[ простий вигляд ]
| 000 -Маркер запису | |
|---|---|
| Контрольне поле сталої довжини | 02060nam a22002537a 4500 |
| 003 - Належність контрольного номера | |
| Контрольне поле | Uzh_bibl |
| 008 - Кодовані дані | |
| Контрольне поле сталої довжини | 260427b |||||||| |||| 00| 0 ukr d |
| 020 ## - Індекс ISBN | |
| Ціна | 1.20 |
| 040 ## - Джерело каталогіз. | |
| Служба первин.кат. | укр. |
| 041 ## - Код мови видання | |
| Код мови оригіналу | українська |
| Код мови тексту | українська |
| 080 ## - Індекс УДК | |
| Індекс УДК | 821(477) |
| 090 ## - Шифри | |
| Поличний індекс | 821(477) |
| Авторський знак | Н 50 |
| 100 ## - Автор | |
| Автор | Немирович, Іван |
| 245 ## - Назва | |
| Назва | На білому коні |
| Фізичний носій | Текст |
| 260 ## - Вихідні дані | |
| Місце видання | Київ |
| Видавництво | Радянський письменник |
| Дата видання | 1979 |
| 300 ## - Фізичний опис | |
| Обсяг | 287 с. |
| Тип одиниці | В опр. |
| 520 ## - Анотація | |
| Анотація | Книга Івана Немировича “На білому коні” об’єднує роман і повісті, у яких розкривається життя звичайних людей на тлі складних історичних обставин. Автор зосереджується на внутрішньому світі героїв, їхніх моральних пошуках, боротьбі між обов’язком і власними прагненнями. Через образи персонажів показано проблеми честі, гідності, відповідальності за свої вчинки. Твір підкреслює важливість людяності та духовної стійкості в умовах життєвих випробувань. |
| 521 ## - Примітка про цільове призначення | |
| Примітка про цільове призначення | Для широкого кола читачів |
| 546 ## - Примітка про мову | |
| Примітка про мову | укр. |
| 650 ## - Тематичні рубрики | |
| Типове ділення | Літературно-художнє видання |
| Хронологічна підрубрика | ХХ століття (здебільшого повоєнний період, із відгомоном воєнних і соціальних змін) |
| Географічна підрубрика | Події розгортаються в Україні, переважно в сільській місцевості та невеликих містах |
| 653 ## - Ключові слова | |
| Ключові слова | Людина |
| -- | Доля |
| -- | Вибір |
| -- | Село |
| -- | Честь |
| 655 ## - Термін індексування — жанр/форма | |
| Жанр/форма | Роман, повісті (соціально-побутова проза з елементами психологізму) |
| Типове ділення | Роман. Повісті |
| 942 ## - ADDED ENTRY ELEMENTS (KOHA) | |
| Джерело класифікації чи схема поличного розташування | |
| Koha item type | Книги |
| Статус вилучення | Статус втрати/відсутності | Джерело класифікації чи схема поличного розташування | Статус пошкодження | Тип обігу (не для випозичання) | Постійне розташування | Поточне розташування | Розташування у відділі | Дата надходження | Інвентарний номер | Total Checkouts | Повний (примірниковий) шифр зберігання | Штрих-код | Date last seen | Дата, для якої чинна ціна заміни | Тип одиниці (рівень примірника) |
|---|---|---|---|---|---|---|---|---|---|---|---|---|---|---|---|
| Публічна бібліотека | Публічна бібліотека | Абонемент | 27/04/2026 | 1062 | 821(477) | 20313 | 27/04/2026 | 27/04/2026 | Книги |